00428 2200157 4500001002100000005001500021035002000036245007700056100002300133300001200156260004600168082000800214084001400222020002200236990001200258INLIS00000000000250120250604112712 a0010-06250000871 aSuper Modul KSN Kebumian 2 :bAtmosfer & Hidrosfer /cBagus Primohadi S.0 aBagus Primohadi S. a256 hlm aJakarta :bPT. Jakarta Sains Media,c2022 a550 a550 BAG s a978-623-6111-51-2 a0754865